00418 a2200145 4500003000400000005001700004008004100021020001800062040000900080082001800089100003200107245008400139260004000223300000900263OSt20231107122102.0231107b |||||||| |||| 00| 0 eng d a9789391938086 coclc a954.83bKUR/M aKurup, K K Nd1939- author. a1921 Malabar Samaram Vol 5 :baavishkarangalude bahuswaratha /cDr. K K N Kurup aKerala:bYuvatha book house,c2023. a495p